[Event "FSV-ch 2015"]
[Site "Dortmund"]
[Date "2015.03.26"]
[Round "2.12"]
[White "Link, Werner"]
[Black "Reker, Gerhard"]
[Result "1-0"]
[WhiteElo "1482"]
[BlackElo "848"]
[PlyCount "61"]
[EventDate "2015.??.??"]
[WhiteTeam "FSV"]
[BlackTeam "FSV"]

1. d4 d5 2. c4 Nf6 3. Nf3 Bg4 4. Nc3 dxc4 5. e3 Be6 6. Qa4+ Nc6 7. Bxc4 Bxc4 8.
Qxc4 Qd5 9. Nxd5 Nxd5 10. Qxd5 Rd8 11. Qb3 b6 12. Ng5 e6 13. O-O Be7 14. Nf3
O-O 15. Qa4 Rd6 16. b3 a5 17. Ba3 Nb4 18. Bxb4 axb4 19. Qxb4 Rd7 20. Qc3 Bd8
21. Rac1 b5 22. Ne5 Rd6 23. Qd3 b4 24. Rc6 Rxc6 25. Nxc6 Bf6 26. Nxb4 Be7 27.
Nc6 Bd6 28. a4 h6 29. h3 Re8 30. b4 Ra8 31. Ra1 1-0

[Event "FSV-ch 2015"]
[Site "Dortmund"]
[Date "2015.03.26"]
[Round "2.13"]
[White "Maffei, Hendrik"]
[Black "Reinacher, Detlev"]
[Result "0-1"]
[WhiteElo "1231"]
[BlackElo "1480"]
[PlyCount "84"]
[EventDate "2015.??.??"]
[WhiteTeam "FSV"]
[BlackTeam "HNS"]

1. Nf3 d6 2. d4 g6 3. c4 Bg7 4. Nc3 Nf6 5. Bg5 O-O 6. e3 c6 7. Be2 Nbd7 8. O-O
Qc7 9. b4 e5 10. dxe5 Nxe5 11. Nxe5 dxe5 12. e4 h6 13. Bxf6 Bxf6 14. b5 Be6 15.
Qc2 Rac8 16. Rab1 Rfd8 17. Rfd1 Bg5 18. bxc6 Qxc6 19. Nd5 Bxd5 20. exd5 Rxd5
21. Bf3 Rxd1+ 22. Rxd1 Qxc4 23. Qxc4 Rxc4 24. Bxb7 Rc2 25. g3 Rxa2 26. Re1 Bf6
27. Rc1 Kg7 28. Bd5 Rd2 29. Ba8 Bd8 30. Kg2 Bb6 31. Rf1 f5 32. Kh3 Bxf2 33. Kg2
Bb6+ 34. Kh3 e4 35. g4 fxg4+ 36. Kxg4 e3 37. Bf3 Rxh2 38. Bd5 Rf2 39. Rc1 e2
40. Rc8 Rf8 41. Rc1 Bf2 42. Rc7+ Kh8 0-1

[Event "FSV-ch 2015"]
[Site "Dortmund"]
[Date "2015.04.14"]
[Round "2.15"]
[White "Wenzel, Jakoba"]
[Black "Wickenfeld, Udo"]
[Result "1-0"]
[WhiteElo "1202"]
[BlackElo "1393"]
[Annotator "Schulenburg,Pit"]
[PlyCount "65"]
[EventDate "2015.??.??"]
[WhiteTeam "FSV"]
[BlackTeam "61701"]

1. e4 c5 2. d3 d6 3. g3 Nc6 4. c3 e5 5. Nf3 Bg4 6. Nbd2 g6 7. h3 Be6 8. h4 Nf6
9. Bg2 Bg4 10. Nf1 Bg7 11. N1h2 Bh5 12. O-O (12. Bh3 $5 Bxf3 13. Qxf3) 12...
O-O 13. Bg5 Qd7 14. Qd2 Rfe8 15. Bxf6 Bxf6 16. Ng5 Bg4 17. f3 Be6 18. Nxe6 Qxe6
19. Ng4 Bg7 20. Bh3 $6 {Der Zug ist schlechter, als er auf den ersten Blick
aussieht.} Qe7 ({Nach} 20... h5 $1 {und dem erzwungenen} 21. Nf2 {käme der
weiße Springer, der eigentlich über e3 das Feld d5 anpeilen soll, vom rechten
Pfad ab!}) 21. f4 Rf8 $2 (21... exf4) 22. f5 f6 23. Rf3 Nd8 $2 24. Raf1 Nf7 $4
(24... gxf5 25. Rxf5 Ne6 26. Rh5) 25. fxg6 hxg6 26. Nxf6+ Kh8 (26... Bxf6) 27.
Nd5 Qd8 28. Rxf7 Rxf7 29. Rxf7 Qg8 30. Be6 Qh7 31. Nf6 (31. Ne7 {[%cal Yd2g5]})
31... Qh6 32. Qxh6+ Bxh6 33. Rh7# 1-0

[Event "FSV-ch 2015"]
[Site "Dortmund"]
[Date "2015.03.26"]
[Round "2.17"]
[White "Heinz, Hans-Werner"]
[Black "Winkler, Harald"]
[Result "0-1"]
[WhiteElo "1178"]
[BlackElo "1253"]
[PlyCount "48"]
[EventDate "2015.??.??"]
[WhiteTeam "61722"]
[BlackTeam "FSV"]

1. e4 e5 2. Nf3 d5 3. Nxe5 Bd6 4. Nxf7 Kxf7 5. Qh5+ g6 6. Qxd5+ Be6 7. Qxb7 Nd7
8. d4 Kg7 9. e5 Be7 10. g3 Nb6 11. c3 Bd5 12. Qa6 Bxh1 13. Qe2 Nh6 14. f4 Qd5
15. Nd2 Rhf8 16. b3 c5 17. c4 Qxd4 18. Rb1 Qc3 19. Bb2 Qa5 20. e6+ Bf6 21. e7
Rfe8 22. Qe6 Bxb2 23. Rxb2 Qc3 24. Rb1 Qf6 0-1

[Event "FSV-ch 2015"]
[Site "Dortmund"]
[Date "2015.03.26"]
[Round "2.18"]
[White "Böckmann, Lieselotte"]
[Black "Schlettig, Achim"]
[Result "0-1"]
[WhiteElo "1078"]
[BlackElo "1238"]
[PlyCount "82"]
[EventDate "2015.??.??"]
[WhiteTeam "FSV"]
[BlackTeam "FSV"]

1. g3 d5 2. Bg2 Nf6 3. b3 e5 4. Bb2 Bd6 5. d3 Be6 6. Nf3 Nbd7 7. O-O c6 8. c4
b6 9. Nbd2 O-O 10. Ng5 Bf5 11. Qc2 h6 12. Ngf3 Qc7 13. Nh4 Be6 14. f4 exf4 15.
cxd5 Nxd5 16. Bxd5 Bxd5 17. Nf5 fxg3 18. hxg3 Bxg3 19. Ne7+ Kh8 20. Nxd5 Bh2+
21. Kh1 cxd5 22. Qxc7 Bxc7 23. Rg1 Be5 24. d4 Bf6 25. Nf3 Rfe8 26. Rae1 Rac8
27. a4 Rc2 28. Bc1 Rexe2 29. Rxe2 Rxe2 30. Ba3 Re3 31. Ne5 Nxe5 32. dxe5 Bxe5
33. Rc1 Rc3 34. Re1 f6 35. Be7 Rxb3 36. Rc1 Rc3 37. Rb1 d4 38. Rb5 Rc4 39. a5
bxa5 40. Rxa5 d3 41. Rxa7 d2 0-1

[Event "FSV-ch 2015"]
[Site "Dortmund"]
[Date "2015.04.16"]
[Round "3.1"]
[White "Zelt, Jens"]
[Black "Brendemühl, Bernd"]
[Result "1-0"]
[WhiteElo "1998"]
[BlackElo "1844"]
[PlyCount "159"]
[EventDate "2015.??.??"]
[WhiteTeam "HNS"]
[BlackTeam "FSV"]

1. e4 c5 2. g3 Nc6 3. Bg2 g6 4. Ne2 Bg7 5. d3 e6 6. O-O Nge7 7. c3 d5 8. f3 O-O
9. Qc2 f5 10. Nd2 Qb6 11. Kh1 Bd7 12. f4 Rac8 13. e5 Qc7 14. Nf3 b5 15. Be3 Na5
16. Rae1 c4 17. d4 Nac6 18. h3 b4 19. Bd2 Rb8 20. Nh4 Rb5 21. Nc1 Rfb8 22. Qd1
bxc3 23. Bxc3 a5 24. a3 Qa7 25. Qd2 Nc8 26. Bf3 a4 27. g4 Na5 28. gxf5 exf5 29.
Qf2 Be6 30. Bd1 Nb3 31. Ne2 Ne7 32. Bc2 Nc6 33. Rd1 Qd7 34. Rg1 Bf7 35. Qg3 Nd8
36. Nxf5 Ne6 37. Ne3 Be8 38. Kh2 Na5 39. Bxa4 Qf7 40. Rg2 Nc6 41. Bxb5 Rxb5 42.
Rf1 Qa7 43. Rd1 Ne7 44. Qg4 Bd7 45. Qh4 Bc6 46. Rf1 Nf8 47. Qf2 Bd7 48. Ng3 Nc6
49. Qd2 Ne6 50. Ne2 Ne7 51. f5 gxf5 52. Nxf5 Nxf5 53. Rxf5 Be8 54. Rf6 Qd7 55.
Nf4 Nxf4 56. Qxf4 Bg6 57. Rfxg6 hxg6 58. Rxg6 Rb7 59. Rg2 Rb6 60. Qg4 Qf7 61.
Be1 Kh7 62. Rf2 Qe8 63. Qf5+ Kh8 64. Rg2 Rh6 65. Bd2 Rh7 66. Bg5 Rh5 67. h4 Kg8
68. Qf3 Qf7 69. Qxf7+ Kxf7 70. Kg3 Rh8 71. Kg4 Rb8 72. Kf5 Rb6 73. Rf2 Ra6 74.
h5 Rc6 75. Rh2 c3 76. Rc2 cxb2 77. Rxb2 Rc3 78. Rb7+ Kg8 79. Kg6 Rc6+ 80. Bf6
1-0

[Event "FSV-ch 2015"]
[Site "Dortmund"]
[Date "2015.04.16"]
[Round "3.2"]
[White "Begna, Bozidar"]
[Black "Jost, Udo"]
[Result "1/2-1/2"]
[WhiteElo "1903"]
[BlackElo "1827"]
[PlyCount "117"]
[EventDate "2015.??.??"]
[WhiteTeam "HNS"]
[BlackTeam "FSV"]

1. e4 c5 2. Nf3 a6 3. c4 Qc7 4. d4 cxd4 5. Nxd4 e6 6. Nc3 Nf6 7. Be2 Bc5 8. Bg5
h5 9. Bxf6 gxf6 10. Nb3 Bf8 11. Qd4 Rh6 12. Rd1 Nc6 13. Qe3 h4 14. c5 h3 15.
gxh3 Rg6 16. Bg4 Bh6 17. Qe2 Bf4 18. f3 Kf8 19. Na4 Rg5 20. Nb6 Rb8 21. h4 Rg8
22. Nc4 Ne7 23. Nd6 b6 24. Qd3 bxc5 25. Nxc8 Qxc8 26. Qxd7 Qxd7 27. Rxd7 c4 28.
Nd2 Rxb2 29. Nxc4 Rxa2 30. h5 Kg7 31. Bxe6 Ra1+ 32. Ke2 Rxh1 33. Rxe7 Rxh2+ 34.
Kd3 Rd8+ 35. Bd5 Rf8 36. Ne3 Rxh5 37. Ra7 Be5 38. Rxa6 Rc8 39. Nf5+ Kh7 40. Nd4
Rc1 41. Ne2 Rd1+ 42. Ke3 f5 43. Bxf7 Rh2 44. Bg6+ Kg7 45. Bxf5 Re1 46. Ra2 Bd6
47. Kd3 Rf2 48. Bg4 Bb4 49. f4 Rexe2 50. Ra7+ Kf8 51. Bxe2 Rxf4 52. Kd4 Rf7 53.
Ra6 Rd7+ 54. Kc4 Bd6 55. Bg4 Rc7+ 56. Kd5 Be7 57. e5 Bd8 58. Bf5 Rb7 59. Rh6
1/2-1/2

[Event "FSV-ch 2015"]
[Site "Dortmund"]
[Date "2015.04.16"]
[Round "3.3"]
[White "Dieckmann, Rudolf"]
[Black "Zachos, Ingo"]
[Result "0-1"]
[WhiteElo "1665"]
[BlackElo "1900"]
[PlyCount "86"]
[EventDate "2015.??.??"]
[WhiteTeam "FSV"]
[BlackTeam "EIC"]

1. d4 c5 2. e3 e6 3. Nf3 Nf6 4. Nc3 Nc6 5. a3 d5 6. dxc5 Bxc5 7. b4 Bd6 8. Bb2
O-O 9. Nb5 Bb8 10. Rc1 a5 11. c3 Ne4 12. Nbd4 e5 13. Nxc6 bxc6 14. Bd3 f5 15.
c4 axb4 16. axb4 Qe7 17. Qb3 Bb7 18. cxd5 cxd5 19. Nd2 Nxd2 20. Kxd2 e4 21. Be2
Bd6 22. Bc3 f4 23. Ra1 Rac8 24. Ra7 fxe3+ 25. fxe3 Rf2 26. Rc1 Rxg2 27. Rc2 Qf7
28. Kc1 Bb8 29. Ra5 Bxh2 30. Rc5 Rf8 31. Kb2 Bd6 32. Rb5 Ba6 33. Rxd5 Bxe2 34.
Rxd6 Qxb3+ 35. Kxb3 Bc4+ 36. Kb2 Rff2 37. Rd8+ Kf7 38. Rd7+ Ke6 39. Rdd2 Rxd2
40. Bxd2 Bd3 41. Rc6+ Kd7 42. Rc5 Rxd2+ 43. Kc3 Rc2+ 0-1

[Event "FSV-ch 2015"]
[Site "Dortmund"]
[Date "2015.04.16"]
[Round "3.4"]
[White "Grube, Jörg"]
[Black "Benke, Werner"]
[Result "1-0"]
[WhiteElo "1896"]
[BlackElo "1405"]
[PlyCount "97"]
[EventDate "2015.??.??"]
[WhiteTeam "FSV"]
[BlackTeam "HNS"]

1. e4 e6 2. d3 d5 3. Nd2 Nd7 4. Ngf3 dxe4 5. dxe4 Ngf6 6. b3 Be7 7. g3 O-O 8.
Bg2 Rb8 9. O-O b6 10. Qe2 Bb7 11. Bb2 h6 12. Rad1 Qc8 13. Rfe1 Rd8 14. e5 Nh7
15. Bh3 Ndf8 16. Ne4 Rxd1 17. Rxd1 Qe8 18. Nd4 Bxe4 19. Qxe4 Ng5 20. Qg4 Nxh3+
21. Qxh3 Rd8 22. Re1 c5 23. Nf3 Qc6 24. Qg4 Nh7 25. h4 Rd5 26. Qe4 Qd7 27. Kg2
Nf8 28. a4 Nh7 29. Re2 Nf8 30. Re1 Nh7 31. Bc3 Nf8 32. Re2 Qd8 33. Bb2 Nh7 34.
Bc3 Nf8 35. Nd2 Nh7 36. Kh2 Nf8 37. Nf3 Rd1 38. Nd2 Nh7 39. Nc4 Rd7 40. Bd2 Rd4
41. Qg2 Nf8 42. Be3 Rd1 43. Qf3 Qd5 44. Qxd5 Rxd5 45. Kg2 Nd7 46. Bd2 Nb8 47.
Bc3 Kf8 48. Ne3 Nc6 49. Nxd5 1-0

[Event "FSV-ch 2015"]
[Site "Dortmund"]
[Date "2015.04.16"]
[Round "3.5"]
[White "Lauche, Christoph"]
[Black "Hillebrand, Carsten"]
[Result "1/2-1/2"]
[WhiteElo "1913"]
[BlackElo "1858"]
[Annotator "Schulenburg,Pit"]
[PlyCount "69"]
[EventDate "2015.??.??"]
[WhiteTeam "FSV"]
[BlackTeam "FSV"]

1. b3 Nf6 2. Bb2 g6 3. e4 d6 4. d3 Bg7 5. f4 O-O 6. Nf3 Nbd7 7. Nbd2 c6 8. g3
Qa5 9. c3 e5 10. fxe5 dxe5 11. Nc4 Qc7 12. Ba3 c5 13. Ne3 Re8 14. Bg2 b5 15.
O-O c4 16. bxc4 Qb6 17. Qe1 Bh6 18. Bc1 Ng4 19. c5 Bxe3+ 20. Bxe3 Nxc5 21. Bxc5
Qxc5+ 22. Kh1 Qe3 23. h3 Qxe1 24. Raxe1 Nh6 25. d4 f6 26. d5 Bd7 27. Rc1 Rac8
28. Nd2 Kg7 29. Rc2 Nf7 30. Rfc1 Nd6 31. c4 bxc4 32. Nxc4 Nxc4 33. Rxc4 Rxc4
34. Rxc4 Rc8 35. Rxc8 {(=)} 1/2-1/2

[Event "FSV-ch 2015"]
[Site "Dortmund"]
[Date "2015.04.16"]
[Round "3.6"]
[White "Schütz, Ralf"]
[Black "Melmer, Felix"]
[Result "0-1"]
[WhiteElo "1733"]
[BlackElo "1901"]
[PlyCount "106"]
[EventDate "2015.??.??"]
[WhiteTeam "61515"]
[BlackTeam "61117"]

1. e4 c5 2. Nf3 g6 3. d4 cxd4 4. Nxd4 Nc6 5. c4 Nf6 6. Nc3 d6 7. Be2 Nxd4 8.
Qxd4 Bg7 9. O-O O-O 10. Qe3 Be6 11. Rb1 a5 12. b3 Nd7 13. Nd5 Nc5 14. f4 Bd7
15. Bb2 Bc6 16. Bxg7 Kxg7 17. f5 Bxd5 18. exd5 Nd7 19. h4 Qb6 20. Qxb6 Nxb6 21.
Bg4 h6 22. Rbe1 Rae8 23. fxg6 fxg6 24. Re3 Rxf1+ 25. Kxf1 Rf8+ 26. Ke2 Rf7 27.
Kd3 Kf8 28. a3 Rf1 29. Rf3+ Rxf3+ 30. gxf3 Na8 31. b4 axb4 32. axb4 b6 33. Ke4
Nc7 34. f4 Na6 35. f5 Kg7 36. fxg6 Kxg6 37. Kd4 Nxb4 38. Kc3 Na6 39. Kb3 Kf6
40. Ka4 Nc7 41. Kb4 Ke5 42. Bf3 Kf4 43. Bd1 Kg3 44. h5 Kf4 45. Kc3 b5 46. Be2
bxc4 47. Kd4 c3 48. Bd3 Kg5 49. Bg6 c2 50. Bxc2 Kxh5 51. Be4 Kg4 52. Ke3 Kg3
53. Bf3 Ne8 0-1

[Event "FSV-ch 2015"]
[Site "Dortmund"]
[Date "2015.05.04"]
[Round "3.7"]
[White "Link, Werner"]
[Black "Bommert, Christian"]
[Result "0-1"]
[WhiteElo "1482"]
[BlackElo "1769"]
[Annotator "Schulenburg,Pit"]
[PlyCount "46"]
[EventDate "2015.??.??"]
[WhiteTeam "FSV"]
[BlackTeam "FSV"]

1. d4 f5 2. e4 fxe4 3. Nc3 Nf6 4. g4 h6 5. g5 hxg5 6. Bxg5 d5 7. Bxf6 exf6 8.
f3 f5 9. Qd2 Qh4+ 10. Qf2 Qxf2+ 11. Kxf2 Be6 12. Bh3 Nd7 (12... Be7 $1) 13.
fxe4 dxe4 14. Nxe4 Rxh3 15. Nxh3 fxe4 16. Nf4 Bg4 17. Rhg1 Nf6 18. Ng6 Bd6 19.
Ne5 Bh5 20. Rxg7 O-O-O 21. h3 Rf8 22. Ke3 Re8 23. Rf1 Bf8 0-1

[Event "FSV-ch 2015"]
[Site "Dortmund"]
[Date "2015.04.20"]
[Round "3.8"]
[White "Reinacher, Detlev"]
[Black "Boeck, Matthias"]
[Result "0-1"]
[WhiteElo "1480"]
[BlackElo "1668"]
[PlyCount "122"]
[EventDate "2015.??.??"]
[WhiteTeam "HNS"]
[BlackTeam "FSV"]

1. e4 g6 2. d3 Bg7 3. g3 d6 4. Bg2 e5 5. Nf3 f5 6. exf5 gxf5 7. Nbd2 Nf6 8. c3
O-O 9. Qc2 c6 10. O-O Qe8 11. Re1 Qh5 12. Nc4 Ne8 13. Bg5 Bf6 14. Qd2 Kh8 15.
Bxf6+ Rxf6 16. Qg5 Qf7 17. Nfxe5 dxe5 18. Nxe5 Qg7 19. Ng6+ Qxg6 20. Qxg6 Rxg6
21. Rxe8+ Rg8 22. Rae1 Nd7 23. b4 Nf6 24. R8e7 Rg7 25. c4 Bd7 26. a4 Rxe7 27.
Rxe7 Kg8 28. b5 Re8 29. Rxe8+ Bxe8 30. h3 Kf7 31. f4 Ke6 32. Kf2 Kd6 33. d4 b6
34. Bf3 Bd7 35. Ke3 cxb5 36. axb5 Bc8 37. Kd3 a5 38. bxa6 Bxa6 39. g4 Bc8 40.
g5 Ne8 41. h4 Be6 42. h5 Bf7 43. h6 Kc7 44. d5 Kd6 45. Kd4 Nc7 46. Be2 Na6 47.
Bf3 Nc5 48. Bd1 Ne4 49. Ba4 Bg6 50. Bb5 Bh5 51. Ba6 Bg6 52. Bb5 Ng3 53. Ba6
Ne2+ 54. Ke3 Nc3 55. Kd4 Na4 56. Bb5 Nc5 57. Ke3 Nb3 58. Kd3 Kc5 59. Kc3 Na5
60. Kd3 Nb7 61. Bc6 Nd6 0-1

[Event "FSV-ch 2015"]
[Site "Dortmund"]
[Date "2015.04.16"]
[Round "3.9"]
[White "Rauschenbusch, Udo"]
[Black "Wickenfeld, Udo"]
[Result "1-0"]
[WhiteElo "1618"]
[BlackElo "1396"]
[Annotator "Schulenburg,Pit"]
[PlyCount "69"]
[EventDate "2015.??.??"]
[WhiteTeam "FSV"]
[BlackTeam "61701"]

1. b4 Nf6 2. Bb2 d6 3. e3 Nbd7 4. d4 b6 5. Nf3 Bb7 6. c4 c6 7. Bd3 Qc7 8. Nc3
e5 9. Rc1 Be7 10. O-O O-O 11. d5 cxd5 12. cxd5 Rac8 13. e4 a6 14. a4 Qb8 15.
Qe2 Qa7 16. Nd2 Rc7 17. Nb3 Rfc8 18. Kh1 Nf8 19. f3 Ng6 20. g3 Qa8 21. Qf2 Bd8
22. Rc2 Re7 23. Rfc1 Bc7 24. Nd1 Qb8 25. Ne3 Ree8 26. Nc4 Qa7 {(=)} 27. a5 Nd7
28. f4 exf4 29. gxf4 Ra8 30. Bd4 Qb8 31. Nxb6 Bxb6 32. axb6 Rc8 33. Na5 Rxc2
34. Rxc2 Ne7 35. Rc7 1-0

[Event "FSV-ch 2015"]
[Site "Dortmund"]
[Date "2015.04.16"]
[Round "3.10"]
[White "Zhang, Jingfu"]
[Black "Jentzsch, Werner W"]
[Result "1-0"]
[WhiteElo "1590"]
[BlackElo "1323"]
[PlyCount "71"]
[EventDate "2015.??.??"]
[WhiteTeam "HNS"]
[BlackTeam "BRK"]

1. e4 e5 2. Nf3 Nc6 3. Bb5 d6 4. O-O Nf6 5. Re1 Bg4 6. d3 Be7 7. Nbd2 a6 8.
Bxc6+ bxc6 9. h3 Bh5 10. Nf1 O-O 11. Ng3 Bg6 12. Nh4 Nd7 13. Nxg6 fxg6 14. Be3
d5 15. c3 Bh4 16. Nf1 Nb6 17. Qg4 d4 18. cxd4 exd4 19. Bxd4 Qxd4 20. Qxh4 Qxd3
21. b3 Rae8 22. e5 Rf5 23. e6 Qd6 24. Ne3 Re5 25. Rad1 Qxe6 26. Nc2 Re4 27. Qg3
Qf7 28. Rxe4 Rxe4 29. Rd8+ Re8 30. Rxe8+ Qxe8 31. Qxc7 Qd7 32. Qxb6 Qd1+ 33.
Kh2 Qxc2 34. Qxa6 Qxf2 35. Qxc6 Qxa2 36. Qe8# 1-0

[Event "FSV-ch 2015"]
[Site "Dortmund"]
[Date "2015.04.16"]
[Round "3.11"]
[White "Winkler, Harald"]
[Black "Mokros, Jürgen"]
[Result "0-1"]
[WhiteElo "1253"]
[BlackElo "1577"]
[Annotator "Schulenburg,Pit"]
[PlyCount "148"]
[EventDate "2015.??.??"]
[WhiteTeam "FSV"]
[BlackTeam "FSV"]

1. e4 b6 2. d4 Bb7 3. Bd3 f5 4. Qf3 Nf6 5. Nc3 e6 6. d5 Be7 7. Bg5 O-O 8. Bxf6
Bxf6 9. Nge2 fxe4 10. Qxe4 g6 11. Rb1 Bxc3+ 12. Nxc3 exd5 13. Nxd5 Re8 14. Nf6+
Qxf6 15. Qxe8+ Kg7 16. O-O d5 17. Rfe1 Nc6 18. Qd7+ Qf7 19. Qxf7+ Kxf7 20. c3
Ne7 21. a3 c5 22. b4 c4 23. Bc2 Rd8 24. Rbd1 Rd7 25. Re2 b5 26. f3 Bc6 27. Rd4
Kg7 28. h4 Ng8 29. Rf4 Nh6 30. Re6 Bb7 31. g4 a6 32. g5 Nf7 33. Rff6 Bc8 34.
Rb6 Re7 35. Kf2 Ne5 36. Rf4 Nd7 37. Rd6 Bb7 38. h5 gxh5 39. Rh6 Kg8 40. g6 hxg6
41. Rxg6+ Rg7 42. Rh4 Rxg6 43. Bxg6 Ne5 44. Rxh5 Nxg6 45. Kg3 Kg7 46. f4 Ne7
47. Kg4 Bc8+ 48. Kg5 d4 49. cxd4 c3 50. Rh1 Bf5 51. Rc1 c2 52. d5 Bd3 53. d6
Nc6 54. f5 Kf7 55. Kf4 Kf6 56. Ke3 Bxf5 57. Kd2 Ke6 58. Rf1 Be4 59. Kc3 Kxd6
60. Kb3 Nd4+ 61. Kb2 Ne2 62. Re1 c1=Q+ 63. Rxc1 Nxc1 64. Kxc1 Kd5 65. Kb2 Kd4
66. a4 bxa4 $4 67. Ka3 $11 Bc6 68. Kb2 Kd3 69. Ka3 Bd5 $5 70. Kb2 (70. Kxa4 $4
Bf7 71. Ka5 Bc4 72. Ka4 Kc2 73. Ka3 Kb1 74. Ka4 Ka2 75. Ka5 Kb3 76. b5 axb5 $19
) 70... Kd2 71. Ka3 $4 (71. Ka1 $11) 71... Kc2 $19 72. Kxa4 Bc4 73. Ka5 Kb3 74.
Kb6 Kxb4 0-1

[Event "FSV-ch 2015"]
[Site "Dortmund"]
[Date "2015.04.16"]
[Round "3.12"]
[White "Schlettig, Achim"]
[Black "Zabel, Reinhard"]
[Result "0-1"]
[WhiteElo "1238"]
[BlackElo "1509"]
[PlyCount "70"]
[EventDate "2015.??.??"]
[WhiteTeam "FSV"]
[BlackTeam "DBB"]

1. d4 d5 2. c4 e6 3. Nc3 Nf6 4. Bg5 Be7 5. Nf3 b6 6. g3 Bb7 7. Bg2 dxc4 8. O-O
h6 9. Bf4 Nbd7 10. Re1 Nd5 11. Bd2 Nxc3 12. Bxc3 O-O 13. e3 Nf6 14. Nd2 Bxg2
15. Kxg2 b5 16. a3 c5 17. dxc5 Bxc5 18. b4 Be7 19. e4 Qc7 20. Rh1 Rfd8 21. Qe2
Rd3 22. Rac1 Rad8 23. f3 Qb6 24. Nf1 Nh7 25. f4 Qd6 26. h4 Rd1 27. Ne3 Rxc1 28.
Rxc1 Qd3 29. Qf3 Nf6 30. e5 Nd5 31. Nxd5 Qxf3+ 32. Kxf3 Rxd5 33. Re1 h5 34. Re4
Bd8 35. Ke3 Rd3+ 0-1

[Event "FSV-ch 2015"]
[Site "Dortmund"]
[Date "2015.04.16"]
[Round "3.14"]
[White "Wenzel, Jakoba"]
[Black "Tautz, Eugen"]
[Result "1/2-1/2"]
[WhiteElo "1202"]
[BlackElo "1415"]
[Annotator "Schulenburg,Pit"]
[PlyCount "96"]
[EventDate "2015.??.??"]
[WhiteTeam "FSV"]
[BlackTeam "FSV"]

1. e4 e5 2. d3 Nf6 3. Nf3 Nc6 4. c3 Be7 5. Qe2 d6 6. Nbd2 Bg4 7. h3 Bh5 8. g3
h6 9. Bg2 a6 10. O-O O-O 11. Re1 Qd7 12. Nf1 b5 13. N1h2 b4 14. g4 Bg6 15. g5
$2 (15. Nh4 Bh7 16. Nf5) 15... hxg5 16. Bxg5 Nh5 17. Qe3 Bxg5 18. Nxg5 Nf4 19.
Qg3 bxc3 20. bxc3 Rab8 21. Ng4 Rb2 (21... f6 22. Nf3 Nxd3) 22. d4 Qd8 23. Ne3
Qf6 24. Nd5 Nxd5 25. exd5 Ne7 26. dxe5 dxe5 27. Rxe5 Nf5 28. Qf4 Nh4 29. Re4 $4
Bxe4 (29... Nxg2 $1) 30. Qxf6 gxf6 31. Nxe4 Kg7 32. Bh1 Re8 33. a4 Reb8 34. Ng3
Rc2 35. Be4 Rxc3 36. Nh5+ Kh6 37. Nxf6 Rxh3 38. Ng4+ (38. Rc1 {[%cal Yc1c7]})
38... Kg5 39. Nh2 Rhb3 40. Rf1 Rb2 41. f4+ Kh5 42. Kh1 R8b4 43. Rg1 Rxe4 44.
Rg5+ Kh6 45. Ng4+ Kh7 46. Nf6+ Kh6 47. Ng4+ Kh7 48. Nf6+ Kh6 1/2-1/2

[Event "FSV-ch 2015"]
[Site "Dortmund"]
[Date "2015.04.16"]
[Round "3.17"]
[White "Pauli, Helmut"]
[Black "Heinz, Hans-Werner"]
[Result "1-0"]
[WhiteElo "1186"]
[BlackElo "1178"]
[PlyCount "53"]
[EventDate "2015.??.??"]
[WhiteTeam "FSV"]
[BlackTeam "61722"]

1. d4 d5 2. c4 e6 3. Nf3 Nd7 4. e3 Ngf6 5. Qc2 g6 6. Nc3 Bg7 7. cxd5 exd5 8.
Be2 O-O 9. O-O Re8 10. b3 a6 11. Bb2 b5 12. Rac1 Bb7 13. Bd3 c6 14. Rfd1 Rc8
15. Qe2 c5 16. dxc5 Nxc5 17. Ba3 Ne6 18. Nb1 Nf4 19. Qd2 Nxd3 20. Qxd3 Rxc1 21.
Rxc1 Ne4 22. Nfd2 Qh4 23. Nxe4 dxe4 24. Qd7 Rb8 25. Rc7 Rd8 26. Qxf7+ Kh8 27.
Qxg7# 1-0

[Event "FSV-ch 2015"]
[Site "Dortmund"]
[Date "2015.04.16"]
[Round "3.18"]
[White "Wangrin, Stefan A"]
[Black "Böckmann, Lieselotte"]
[Result "0-1"]
[WhiteElo "1183"]
[BlackElo "1078"]
[Annotator "Schulenburg,Pit"]
[PlyCount "84"]
[EventDate "2015.??.??"]
[WhiteTeam "FSV"]
[BlackTeam "FSV"]

1. a3 f5 2. d4 Nf6 3. Nc3 g6 4. Nh3 Bg7 5. e3 e6 6. Bd3 O-O 7. Nf4 b6 8. Qf3 c6
9. b4 d5 10. Nh3 Qe7 11. O-O Nbd7 12. Qe2 Bb7 13. Ba6 Bxa6 14. Qxa6 b5 15. Qxc6
$4 a6 (15... Rac8 {[%csl Rc3][%cal Rc8c3]}) 16. Ng5 Rfe8 (16... Rfc8 $1 17.
Qxe6+ Qxe6 18. Nxe6 Rxc3 $19) 17. Bb2 Ne4 (17... h6 18. Nf3 Rec8 19. Qb7 Qd8 {
und Weiß muß Material opfern, um die Dame nicht zu verlieren!}) 18. Ngxe4 fxe4
19. Ne2 Rac8 20. Qxa6 Rxc2 21. Qxb5 Rxb2 22. f4 Nf6 23. h3 Qf8 24. Rfc1 Rb8 25.
Qc6 Ra8 26. Qxe6+ Kh8 27. Nc3 Rd2 28. Nxd5 Nxd5 29. Qxd5 Re8 30. Rc3 Bxd4 31.
exd4 e3 32. Qf3 Rf2 33. Rxe3 Rxf3 34. Rxe8 Qxe8 35. gxf3 Qe3+ 36. Kg2 Qxd4 37.
Kg3 Qxa1 38. b5 Qxa3 39. b6 Qb4 40. Kg4 Qxb6 41. Kg5 Qd8+ 42. Kh6 Qh4# 0-1

[Event "FSV-ch 2015"]
[Site "Dortmund"]
[Date "2015.04.23"]
[Round "4.1"]
[White "Zachos, Ingo"]
[Black "Zelt, Jens"]
[Result "1/2-1/2"]
[WhiteElo "1900"]
[BlackElo "1998"]
[Annotator "Schulenburg,Pit"]
[PlyCount "68"]
[EventDate "2015.??.??"]
[WhiteTeam "EIC"]
[BlackTeam "HNS"]

1. Nf3 d5 2. c4 c6 3. b3 Bf5 4. g3 e6 5. Bg2 Nf6 6. Bb2 Be7 7. O-O h6 8. d3 O-O
9. Nbd2 Nbd7 10. a3 Bh7 11. b4 Ne8 12. Qc2 Bf6 13. Rfc1 Nd6 14. c5 Ne8 15. Nb3
Nc7 16. Na5 Rb8 17. Rab1 a6 18. Bh3 Re8 19. Nd4 Bxd4 20. Bxd4 e5 21. Ba1 Nf8
22. Bg2 Kh8 23. a4 f6 24. Rf1 Nfe6 25. Nb3 Qe7 26. Bb2 Qf7 27. Rbe1 Bg8 28. Nd2
Rbd8 29. Nb3 Rb8 30. Na5 Red8 31. Rb1 Rd7 32. Ba1 Qh5 33. Bf3 Qf7 34. Bg2 Qh5 {
(=)} 1/2-1/2

[Event "FSV-ch 2015"]
[Site "Dortmund"]
[Date "2015.04.23"]
[Round "4.2"]
[White "Jost, Udo"]
[Black "Grube, Jörg"]
[Result "0-1"]
[WhiteElo "1827"]
[BlackElo "1896"]
[PlyCount "64"]
[EventDate "2015.??.??"]
[WhiteTeam "FSV"]
[BlackTeam "FSV"]

1. e4 c5 2. Nc3 Nc6 3. Nf3 g6 4. Bc4 Bg7 5. O-O Nf6 6. e5 Ng4 7. Bxf7+ Kxf7 8.
Ng5+ Kg8 9. Qxg4 Nxe5 10. Qe4 e6 11. d4 d5 12. Qf4 cxd4 13. Ne2 h6 14. Nh3 Nc6
15. Qg3 Kh7 16. Nef4 Qf6 17. Nd3 e5 18. f4 Rf8 19. Bd2 e4 20. Ne5 Bf5 21. Qb3
Nxe5 22. fxe5 Qxe5 23. Bf4 Qe6 24. Qxb7 Rac8 25. Rf2 Bxh3 26. gxh3 e3 27. Rf3
g5 28. c4 Rxf4 29. cxd5 Qf5 30. Rxf4 gxf4 31. d6 f3 32. d7 Qg5+ 0-1

[Event "FSV-ch 2015"]
[Site "Dortmund"]
[Date "2015.04.23"]
[Round "4.3"]
[White "Hillebrand, Carsten"]
[Black "Begna, Bozidar"]
[Result "1-0"]
[WhiteElo "1858"]
[BlackElo "1903"]
[Annotator "Schulenburg,Pit"]
[PlyCount "105"]
[EventDate "2015.??.??"]
[WhiteTeam "FSV"]
[BlackTeam "HNS"]

1. c4 b6 2. Nc3 e6 3. e4 c5 4. g3 Bb7 5. Bg2 Nf6 6. d3 Be7 7. Nge2 Qc8 8. O-O
d6 9. f4 Nc6 10. h3 h5 11. Bd2 a6 12. a3 Qc7 13. Rb1 O-O 14. Bf3 Nd4 15. Nxd4
cxd4 16. Ne2 e5 17. f5 b5 18. b3 bxc4 19. bxc4 Bc6 20. g4 hxg4 21. hxg4 Nh7 22.
Qc1 Qd8 23. Kg2 Bg5 24. Ng1 f6 25. Nh3 Bxd2 26. Qxd2 Rb8 27. Qa2 Rf7 28. c5
dxc5 29. g5 fxg5 30. Bh5 Be8 31. Rxb8 Qxb8 32. Rb1 Qc7 33. Bg6 Bb5 34. Bxh7+
Kxh7 35. Nxg5+ Kg8 36. Rh1 c4 37. Nxf7 Kxf7 38. a4 Qa5 39. dxc4 Qxa4 40. Qxa4
Bxa4 41. Kf2 Bc2 {(=)} 42. Kf3 Bd3 43. Rc1 Ke7 44. c5 Kd7 45. c6+ Kc7 46. Rc5
Bb1 47. Rxe5 Kxc6 48. Re7 d3 49. Ke3 a5 50. Kd2 a4 51. Rxg7 a3 52. f6 Kd6 53.
Ra7 1-0

[Event "FSV-ch 2015"]
[Site "Dortmund"]
[Date "2015.04.23"]
[Round "4.4"]
[White "Melmer, Felix"]
[Black "Rauschenbusch, Udo"]
[Result "1-0"]
[WhiteElo "1901"]
[BlackElo "1618"]
[PlyCount "65"]
[EventDate "2015.??.??"]
[WhiteTeam "61117"]
[BlackTeam "FSV"]

1. c4 e5 2. g3 Nf6 3. Bg2 c6 4. d4 exd4 5. Qxd4 Bb4+ 6. Bd2 Bxd2+ 7. Nxd2 O-O
8. c5 b6 9. Ngf3 bxc5 10. Qxc5 Re8 11. Nd4 Qc7 12. O-O Na6 13. Qa3 Rb8 14. e3
Nb4 15. Rfc1 Ba6 16. Rc3 Qe5 17. Rac1 Nfd5 18. Rb3 Nd3 19. Rxd3 Bxd3 20. Qxd3
Nb4 21. Qb1 h5 22. a3 Nd5 23. Nc4 Qf6 24. Qd3 h4 25. b4 Qh6 26. Nf5 Qe6 27.
Nxh4 g6 28. Nf3 Qe4 29. Qxe4 Rxe4 30. Nd4 Re7 31. Bxd5 cxd5 32. Nd6 Kg7 33. Nc8
1-0